ՀՀ Գիտությունների ազգային ակադեմիայի հիմնարար գիտական գրադարան  =   Fundamental Scientific Library of NAS RA

Ռուս-հայ բարեկամության պատմությունից : (Record no. 128982)

MARC details
000 -LEADER
fixed length control field 01052nam a2200241 u 4500
001 - CONTROL NUMBER
control field 000340245
003 - CONTROL NUMBER IDENTIFIER
control field AM-YeHGA
005 - DATE AND TIME OF LATEST TRANSACTION
control field 20250617131035.0
008 - FIXED-LENGTH DATA ELEMENTS--GENERAL INFORMATION
fixed length control field 040603s1974 ai r 000 0 arm d
040 ## - CATALOGING SOURCE
Original cataloging agency AM-YeHGA
041 0# - LANGUAGE CODE
Language code of text/sound track or separate title arm
090 ## - LOCALLY ASSIGNED LC-TYPE CALL NUMBER (OCLC); LOCAL CALL NUMBER (RLIN)
-- 130346
100 1# - MAIN ENTRY--PERSONAL NAME
Personal name Պողոսյան, Արտաշես Միքայելի
245 10 - TITLE STATEMENT
Title Ռուս-հայ բարեկամության պատմությունից :
Remainder of title (19-րդ դ. ռուս-թուրք. պատերազմների կովկասյան ռազմաճակատում) /
Statement of responsibility, etc. Ա.Մ. Պողոսյան; Խմբ.՝ Ջ.Վ. Մաթոսյան.
260 ## - PUBLICATION, DISTRIBUTION, ETC.
Place of publication, distribution, etc. Երևան :
Name of publisher, distributor, etc. Հայաստան,
Date of publication, distribution, etc. 1974.
300 ## - PHYSICAL DESCRIPTION
Extent 294 էջ ;
Dimensions 21 սմ.
504 ## - BIBLIOGRAPHY, ETC. NOTE
Bibliography, etc. note Տողատակի մատենագիտ. ծանոթագր.
650 14 - SUBJECT ADDED ENTRY--TOPICAL TERM
Topical term or geographic name entry element Հայոց պատմություն
650 14 - SUBJECT ADDED ENTRY--TOPICAL TERM
Topical term or geographic name entry element Պատմություն
Geographic subdivision Ռուսաստան
653 0# - INDEX TERM--UNCONTROLLED
Uncontrolled term Ռուս և հայ ժողովուրդների բարեկամություն
653 0# - INDEX TERM--UNCONTROLLED
Uncontrolled term Ռուս-թուրքական պատերազմ
700 1# - ADDED ENTRY--PERSONAL NAME
Personal name Մաթոսյնա, Ջ.Վ
Relator term խմբ.
Relationship edt
Holdings
Withdrawn status Lost status Damaged status Not for loan Collection Home library Current library Date acquired Total checkouts Full call number Barcode Date last seen Price effective from Koha item type Public note
        General Fundamental Scientific Library Fundamental Scientific Library 22/12/2016   9(479.25)15:9(47) 220052842 22/12/2016 22/12/2016 Գրքեր / Books 30 Days Loan
        General Fundamental Scientific Library Fundamental Scientific Library 22/12/2016   9(479.25)15:9(47) 220052843 22/12/2016 22/12/2016 Գրքեր / Books 30 Days Loan
        General Fundamental Scientific Library Fundamental Scientific Library 22/12/2016   9(479.25)15:9(47) 220052844 22/12/2016 22/12/2016 Գրքեր / Books 30 Days Loan
        General Fundamental Scientific Library Fundamental Scientific Library 22/12/2016   9(479.25)15:9(47) 220052845 22/12/2016 22/12/2016 Գրքեր / Books 30 Days Loan


ՀՀ ԳԱԱ հիմնարար գիտական գրադարան
ՀՀ,Երևան 0019
Մարշալ Բաղրամյան 24/6
հեռախոս:(374-10) 52-47-50
Հետադարձ կապ

All site content, except where otherwise noted, is licensed under a
Creative Commons License